| 000 | 00793nam a2200241Ia 4500 | ||
|---|---|---|---|
| 003 | GCL | ||
| 008 | 140319s9999 xx 000 0 ara d | ||
| 040 |
_aGCL / _cGCL |
||
| 082 | 0 | 4 |
_a395.54 _bع ر |
| 100 | 1 | _aعلاءالدولة السمنانى | |
| 245 | 1 | 0 |
_aرسالة آداب السفرة / _cعلاءالدولة السمنانى |
| 700 | 1 | _aشعبان ربيع طرطور | |
| 700 | 1 | _aطلعت ابو فرحة (مراجع) | |
| 260 |
_a[S.N] : _bالهيئة المصرية العامة للكتاب ، _c1987 |
||
| 300 | _a113 ص | ||
| 490 | _a | ||
| 650 | 0 | 4 | _aالفولكلور |
| 650 | 0 | 4 | _aالاخلاق الاسلامية |
| 650 | 0 | 4 | _aالاداب الاسلامية |
| 650 | 0 | 4 | _aالاغذية |
| 650 | 0 | 4 | _aالاغذية فى الدين |
| 942 |
_2ddc _cBK |
||
| 999 |
_c27916 _d27916 |
||